The Most Populous U.S. City by Category - Statistics

General Stats
  • This quiz has been taken 22,254 times
  • The average score is 9 of 21
Answer Stats
Category Pop. City % Correct
with an X in its name 1,673,164 Phoenix
77%
name starts with "Fort" 1,008,106 Fort {Worth}
68%
in the Bay Area 997,368 San Jose
65%
in the tropics 344,967 Honolulu
60%
in Wyoming 65,704 Cheyenne
59%
north of Anchorage 31,732 Fairbanks
52%
name ends in "Beach" 454,808 {Virginia} Beach
48%
founded by the French 645,705 Detroit
45%
named for an Italian 933,263 Columbus
44%
on the Mississippi river 610,919 Memphis
43%
that is NOT the largest in its state 1,526,656 San Antonio
43%
on the Columbia River 635,749 Portland
40%
in northern Arizona 77,539 Flagstaff
39%
named for a U.S. President 1,009,833 Jacksonville
38%
named for a Native American 780,995 Seattle
37%
with a Q in its name 560,326 Albuquerque
36%
a suburb of Denver 403,130 Aurora
35%
in West Michigan 200,117 Grand Rapids
31%
founded after 1900 AD 678,922 Las Vegas
29%
is a traditional name for women 943,476 Charlotte
28%
shares its name with a type of mammal 276,617 Buffalo
25%
No matching quizzes found
Score Distribution
Percent of People with Each Score
Percentile by Number Answered
Your Score History
You have not taken this quiz